[Event "Oruro Baptista Memorial"]
[Site "Oruro"]
[Date "2023.11.03"]
[Round "5"]
[White "Ala Chiri, Jhamil Cristian"]
[Black "Tapia Espada, Antonio Enrique"]
[Result "0-1"]
[WhiteElo "1370"]
[BlackElo "1686"]
[PlyCount "60"]
[EventDate "2023.11.01"]
[EventType "swiss"]
[EventRounds "9"]
[EventCountry "BOL"]
[SourceTitle "CBM 217 Extra"]
[Source "ChessBase"]
[SourceDate "2024.01.31"]
[SourceVersion "1"]
[SourceVersionDate "2024.01.31"]
[SourceQuality "1"]

1. e4 e5 2. Nf3 Nf6 3. d4 Nxe4 4. Bd3 Nc6 5. Bxe4 d5 6. Bxd5 Qxd5 7. Nc3 Bb4 8. 0-0 Bxc3 9. bxc3 Bg4 10. Re1 0-0-0 11. h3 Bxf3 12. Qxf3 Qxf3 13. gxf3 exd4 14. cxd4 Nxd4 15. Re7 Nxf3+ 16. Kg2 Nh4+ 17. Kh2 Rd7 18. Re4 Nf5 19. Bf4 Rd4 20. Rae1 Rhd8 21. c3 Rxe4 22. Rxe4 Kd7 23. Ra4 a6 24. Rb4 b6 25. Ra4 a5 26. c4 c5 27. Ra3 Kc6 28. Rf3 g6 29. h4 Rd4 30. h5 Nh4 0-1